000 00605nam a2200217 i 4500
001 C2-0141097
003 PPAK
005 20180727125233.0
008 980104s1988 my |||| ||||| | may d
040 _aPPAK
_beng
_cPPAK
_erda
082 0 4 _a499.33
_223
090 0 0 _a499.33
_bREK
_dKIH
245 0 0 _aRekonstruksi dan cabang-cabang Bahasa Melayu induk
264 1 _aKuala Lumpur :
_bDewan Bahasa dan Pustaka ,
_c1988
300 _axv, 155 pages ;
_c21 cm
336 _2rdacontent
_atext
337 _2rdamedia
_aunmediated
338 _2rdacarrier
_avolume
650 1 0 _aBahasa Melayu
942 _ddc
_cB
999 _c44146
_d44146